[Event "Niederrhein-ch"]
[Site "Kamp Lintfort"]
[Date "2017.04.12"]
[Round "5"]
[White "Ten Huf, Martin"]
[Black "Falk, Thomas"]
[Result "1-0"]
[WhiteElo "2127"]
[BlackElo "2084"]
[PlyCount "73"]
[EventDate "2017.04.08"]
[EventType "swiss"]
[EventRounds "7"]
[EventCountry "GER"]
[SourceTitle "EXT 2022"]
[Source "ChessBase"]
[SourceDate "2021.10.06"]
[SourceVersion "1"]
[SourceVersionDate "2021.10.06"]
[SourceQuality "1"]

1. e4 e5 2. Nf3 Nf6 3. Nxe5 d6 4. Nf3 Nxe4 5. Nc3 d5 6. Qe2 Be7 7. Nxe4 dxe4 8. Qxe4 0-0 9. Bc4 Bf6 10. 0-0 Re8 11. Qf4 h6 12. d4 Nd7 13. Be3 Nb6 14. Bb3 Nd5 15. Bxd5 Qxd5 16. Qxc7 Bg4 17. Qg3 Bxf3 18. Qxf3 Qd7 19. c4 Rac8 20. b3 a5 21. Rad1 a4 22. Bxh6 axb3 23. axb3 Qe7 24. Bf4 Qb4 25. d5 b5 26. d6 Re6 27. d7 Rd8 28. Bc7 bxc4 29. Bxd8 Bxd8 30. Qa8 Qb6 31. bxc4 Qc7 32. Qc8 Qa5 33. Ra1 Qg5 34. Ra8 Qd2 35. Qxd8+ Kh7 36. Qh8+ Kg6 37. d8Q 1-0

[Event "Niederrhein-ch"]
[Site "Kamp Lintfort"]
[Date "2017.04.11"]
[Round "4"]
[White "Westermann, Johannes"]
[Black "Ten Huf, Martin"]
[Result "1-0"]
[WhiteElo "2130"]
[BlackElo "2127"]
[PlyCount "63"]
[EventDate "2017.04.08"]
[EventType "swiss"]
[EventRounds "7"]
[EventCountry "GER"]
[SourceTitle "EXT 2022"]
[Source "ChessBase"]
[SourceDate "2021.10.06"]
[SourceVersion "1"]
[SourceVersionDate "2021.10.06"]
[SourceQuality "1"]

1. d4 Nf6 2. c4 g6 3. Nc3 Bg7 4. e4 d6 5. Be2 0-0 6. Nf3 e5 7. d5 Na6 8. Bg5 h6 9. Bh4 Qe8 10. Nd2 Bd7 11. 0-0 Nh7 12. a3 f5 13. exf5 Bxf5 14. Nde4 Nf6 15. Bxf6 Bxf6 16. b4 Be7 17. Qd2 Kh7 18. Rfd1 Qf7 19. Qe3 Bd7 20. Rac1 Qf4 21. c5 Qxe3 22. fxe3 Bc8 23. cxd6 cxd6 24. Nb5 Rd8 25. Nc7 Nxc7 26. Rxc7 Bd7 27. Rf1 Kg7 28. Bg4 Bxg4 29. Rxe7+ Kg8 30. Rff7 Bf5 31. Nf6+ Kh8 32. Rh7# 1-0

[Event "Niederrhein-ch"]
[Site "Solingen"]
[Date "2016.03.21"]
[Round "3"]
[White "Ten Huf, Martin"]
[Black "Krause, Peter"]
[Result "1-0"]
[WhiteElo "2089"]
[BlackElo "1865"]
[PlyCount "93"]
[EventDate "2016.03.19"]
[EventType "swiss"]
[EventRounds "7"]
[EventCountry "GER"]
[SourceTitle "EXT 2018"]
[Source "ChessBase"]
[SourceDate "2017.10.13"]
[SourceVersion "1"]
[SourceVersionDate "2017.10.13"]
[SourceQuality "1"]

1. e4 c5 2. Nf3 Nc6 3. Bb5 d6 4. d4 cxd4 5. Nxd4 Bd7 6. 0-0 Nf6 7. Nc3 g6 8. Re1 Bg7 9. Nf3 0-0 10. Nd5 Bg4 11. h3 Bxf3 12. Qxf3 Qa5 13. Nc3 Nd4 14. Qd3 Nxb5 15. Qxb5 Qxb5 16. Nxb5 Rfc8 17. c3 a6 18. Nd4 Nd7 19. Bg5 Kf8 20. Rad1 b5 21. Bc1 Rc4 22. Nc2 Nb6 23. f3 Rc7 24. Ne3 Rac8 25. Kf2 h5 26. g4 hxg4 27. hxg4 Bf6 28. Kg3 Kg7 29. f4 Kg8 30. g5 Bg7 31. Rh1 a5 32. a3 Rc5 33. Bd2 Nc4 34. Nd5 Kf8 35. Bc1 e6 36. Nf6 Ke7 37. Ng4 b4 38. axb4 axb4 39. Rh7 bxc3 40. b4 Rb5 41. Rxg7 Rxb4 42. Nh6 c2 43. Rxf7+ Ke8 44. Rh1 Rb1 45. Ra7 Nd2 46. Ng4 Nxe4+ 47. Kg2 1-0

[Event "Niederrhein-ch"]
[Site "Solingen"]
[Date "2016.03.19"]
[Round "1"]
[White "Ruprecht, Thomas"]
[Black "Ten Huf, Martin"]
[Result "1/2-1/2"]
[WhiteElo "1971"]
[BlackElo "2089"]
[PlyCount "120"]
[EventDate "2016.03.19"]
[EventType "swiss"]
[EventRounds "7"]
[EventCountry "GER"]
[SourceTitle "EXT 2018"]
[Source "ChessBase"]
[SourceDate "2017.10.13"]
[SourceVersion "1"]
[SourceVersionDate "2017.10.13"]
[SourceQuality "1"]

1. c4 Nf6 2. Nc3 g6 3. g3 Bg7 4. Bg2 0-0 5. d4 d6 6. e3 e5 7. Nge2 Nc6 8. 0-0 Bf5 9. d5 Ne7 10. e4 Bc8 11. Bg5 h6 12. Bxf6 Bxf6 13. b4 Bg7 14. Qd3 f5 15. f3 fxe4 16. fxe4 h5 17. Rxf8+ Bxf8 18. Qe3 a5 19. b5 Kh7 20. Rf1 Ng8 21. Qf2 Bg7 22. Kh1 Nf6 23. h3 Qe7 24. Ng1 a4 25. a3 Nd7 26. Nf3 Nc5 27. Qe2 Bd7 28. Ne1 Qg5 29. Kh2 Qc1 30. Nc2 Qg5 31. Nb4 h4 32. gxh4 Qxh4 33. Nd3 Nb3 34. Rf7 Nd4 35. Qf2 Qd8 36. Qe1 Kg8 37. Rf1 Qg5 38. Qc1 Qxc1 39. Rxc1 Bh6 40. Rd1 Nc2 41. Nb2 Nxa3 42. Ra1 Nc2 43. Rxa4 Rf8 44. Nbd1 Ne3 45. Nxe3 Bxe3 46. Nd1 Bd4 47. Kg3 Kg7 48. Ra2 Rc8 49. Bf3 c6 50. bxc6 bxc6 51. Ra6 Rc7 52. h4 Ra7 53. Rxa7 Bxa7 54. Bg4 Bxg4 55. Kxg4 cxd5 56. cxd5 Bd4 57. Kg5 Kf7 58. h5 gxh5 59. Kxh5 Kf6 60. Kh6 Bc5 1/2-1/2

[Event "Niederrhein-ch"]
[Site "Solingen"]
[Date "2015.04.03"]
[Round "7"]
[White "Ten Huf, Martin"]
[Black "Heinert, Eugen"]
[Result "0-1"]
[WhiteElo "2019"]
[BlackElo "2154"]
[PlyCount "54"]
[EventDate "2015.03.28"]
[EventType "swiss"]
[EventRounds "7"]
[EventCountry "GER"]
[SourceTitle "EXT 2016"]
[Source "ChessBase"]
[SourceDate "2015.10.08"]
[SourceVersion "1"]
[SourceVersionDate "2015.10.08"]
[SourceQuality "1"]

1. e4 e6 2. d4 d5 3. Nc3 Bb4 4. e5 c5 5. a3 Bxc3+ 6. bxc3 Ne7 7. Qg4 Qc7 8. Qxg7 Rg8 9. Qxh7 cxd4 10. Ne2 Nbc6 11. f4 Bd7 12. h4 dxc3 13. h5 0-0-0 14. Qd3 Nf5 15. Rb1 d4 16. Rg1 Nh6 17. Nxd4 Nxd4 18. Qxd4 Bb5 19. Qxa7 Bxf1 20. Rxf1 Rxg2 21. Be3 Ng4 22. Rg1 Nxe3 23. Qxe3 Rxc2 24. h6 Rh2 25. Rc1 c2 26. Qe4 Qc3+ 27. Kf1 Rd1+ 0-1

[Event "Niederrhein-ch"]
[Site "Solingen"]
[Date "2015.04.01"]
[Round "5"]
[White "Walter, Andreas"]
[Black "Ten Huf, Martin"]
[Result "1/2-1/2"]
[WhiteElo "2095"]
[BlackElo "2019"]
[PlyCount "145"]
[EventDate "2015.03.28"]
[EventType "swiss"]
[EventRounds "7"]
[EventCountry "GER"]
[SourceTitle "EXT 2016"]
[Source "ChessBase"]
[SourceDate "2015.10.08"]
[SourceVersion "1"]
[SourceVersionDate "2015.10.08"]
[SourceQuality "1"]

1. d4 Nf6 2. c4 g6 3. Nc3 Bg7 4. e4 d6 5. f3 0-0 6. Nge2 c5 7. d5 e6 8. Ng3 exd5 9. cxd5 a6 10. a4 h5 11. Bg5 Qb6 12. Qd2 Re8 13. Be2 Nh7 14. Bf4 Nd7 15. 0-0 Ne5 16. Nh1 Bd7 17. a5 Qc7 18. Na4 Bxa4 19. Rxa4 Nf8 20. Be3 Nfd7 21. Rc1 Reb8 22. Nf2 b5 23. Ra2 Nf6 24. h3 Re8 25. f4 Ned7 26. Bf3 Rac8 27. b4 c4 28. Bd4 Nh7 29. Nd1 Bh6 30. Nc3 Qd8 31. Be3 Qf6 32. Rf1 Bg7 33. Rc2 Qe7 34. Bf2 h4 35. Bg4 Rc7 36. e5 Rb7 37. e6 Ndf8 38. f5 gxf5 39. Bxf5 fxe6 40. dxe6 Nxe6 41. Re1 Qf7 42. Qd5 Rbe7 43. Bxh4 Nd4 44. Rxe7 Rxe7 45. Bxe7 Nxf5 46. Qa8+ Nf8 47. Bxf8 Bd4+ 48. Kh2 Be5+ 49. g3 Bxg3+ 50. Kh1 Qxf8 51. Qxf8+ Kxf8 52. Nxb5 d5 53. Nc7 Bxc7 54. Rf2 Ke7 55. Rxf5 Ke6 56. Rf1 d4 57. Kg2 Bd6 58. Kf3 Kd5 59. b5 axb5 60. a6 Bc5 61. Rg1 Bb6 62. Rg5+ Kc6 63. Ke4 d3 64. Rg2 b4 65. h4 b3 66. h5 Bc5 67. h6 b2 68. Rxb2 c3 69. h7 cxb2 70. h8Q b1Q 71. Qc8+ Kb5 72. Qb7+ Bb6 73. Qd5+ 1/2-1/2

[Event "SJNR-ch U14"]
[Site "Kranenburg"]
[Date "2005.01.04"]
[Round "4"]
[White "Michels, Rene"]
[Black "Ten Huf, Martin"]
[Result "1-0"]
[WhiteElo "1075"]
[BlackElo "1479"]
[PlyCount "117"]
[EventDate "2005.01.02"]
[EventType "swiss"]
[EventRounds "7"]
[EventCountry "GER"]
[SourceTitle "EXT 2007"]
[Source "ChessBase"]
[SourceDate "2006.11.23"]
[SourceVersion "1"]
[SourceVersionDate "2006.11.23"]
[SourceQuality "1"]

1. e4 e6 2. d4 d5 3. exd5 exd5 4. Bd3 Bd6 5. Nc3 Nf6 6. h3 Be6 7. Qf3 c6 8. Bg5 Nbd7 9. Nge2 0-0 10. 0-0 Re8 11. Rfe1 Qc7 12. Bf4 Bxf4 13. Nxf4 Rab8 14. Nxe6 fxe6 15. Ne2 e5 16. dxe5 Nxe5 17. Qf4 Qb6 18. Qd4 Qxd4 19. Nxd4 Nxd3 20. cxd3 Kf7 21. Nf5 Rbd8 22. Rxe8 Kxe8 23. Nxg7+ Kf7 24. Nf5 Rd7 25. Re1 Ne8 26. g4 Nd6 27. Nxd6+ Rxd6 28. g5 Rd7 29. Kg2 Kg6 30. h4 Kf5 31. Kg3 Rg7 32. f4 Rf7 33. Re5+ Kg6 34. Kg4 h5+ 35. gxh6 Kxh6 36. Rh5+ Kg6 37. f5+ Kf6 38. Rh6+ Kg7 39. Rg6+ Kh7 40. Kg5 Rf8 41. f6 Rf7 42. h5 Kh8 43. h6 a6 44. Rg7 Rf8 45. Kg6 Re8 46. h7 b5 47. Kf7 Re3 48. Rg8+ Kxh7 49. Rg4 Rh3 50. b4 Rh2 51. d4 Rh1 52. Kf8 Rf1 53. f7 Rf2 54. Rg7+ Kh8 55. Rg5 Kh7 56. Ke7 Kh6 57. Rg3 Re2+ 58. Kf8 Rf2 59. Kg8 1-0

[Event "SJNR-ch U14"]
[Site "Kranenburg"]
[Date "2005.01.03"]
[Round "3"]
[White "Engelke, Felix"]
[Black "Ten Huf, Martin"]
[Result "0-1"]
[WhiteElo "1296"]
[BlackElo "1479"]
[PlyCount "30"]
[EventDate "2005.01.02"]
[EventType "swiss"]
[EventRounds "7"]
[EventCountry "GER"]
[SourceTitle "EXT 2007"]
[Source "ChessBase"]
[SourceDate "2006.11.23"]
[SourceVersion "1"]
[SourceVersionDate "2006.11.23"]
[SourceQuality "1"]

1. d4 d5 2. c4 e6 3. Nc3 Nf6 4. Bf4 Nbd7 5. a3 Be7 6. Nb5 e5 7. dxe5 Nh5 8. e3 c6 9. Qxh5 cxb5 10. cxd5 Qa5+ 11. Kd1 Qa4+ 12. Kc1 Nc5 13. Kb1 g6 14. Qe2 Bf5+ 15. Kc1 Nb3+ 0-1

[Event "NRW-ch U12"]
[Site "Kranenburg"]
[Date "2003.04.25"]
[Round "6"]
[White "Ten Huf, Martin"]
[Black "Schwanbeck, Christoph"]
[Result "0-1"]
[WhiteElo "1209"]
[BlackElo "1374"]
[PlyCount "68"]
[EventDate "2003.04.??"]
[EventType "swiss"]
[EventRounds "7"]
[EventCountry "GER"]
[SourceTitle "EXT 2005"]
[Source "ChessBase"]
[SourceDate "2004.11.15"]
[SourceVersion "1"]
[SourceVersionDate "2004.11.15"]
[SourceQuality "1"]

1. e4 c5 2. Nf3 d6 3. Bc4 Nc6 4. d3 g6 5. 0-0 Bg7 6. Nc3 Bd7 7. Bd2 a6 8. a3 Nf6 9. Qe2 0-0 10. Rfe1 Bg4 11. h3 Nd4 12. Qd1 Nxf3+ 13. gxf3 Bxh3 14. Bf4 Nh5 15. Bg3 e6 16. Qd2 e5 17. Kh2 Bc8 18. Rh1 Be6 19. Bd5 Bxd5 20. Nxd5 f5 21. Kg2 f4 22. Bh2 Nf6 23. Nxf6+ Rxf6 24. Kf1 g5 25. Ke2 Rg6 26. Rag1 Qd7 27. Rg4 h5 28. Rg2 g4 29. Rhg1 gxf3+ 30. Kxf3 Qh3+ 31. Ke2 Rxg2 32. Rxg2 f3+ 33. Kf1 Qxg2+ 34. Ke1 Qh1+ 0-1

[Event "NRW-ch U12"]
[Site "Kranenburg"]
[Date "2003.04.24"]
[Round "5"]
[White "Czybik, Nils Patrick"]
[Black "Ten Huf, Martin"]
[Result "1-0"]
[WhiteElo "1062"]
[BlackElo "1209"]
[PlyCount "78"]
[EventDate "2003.04.??"]
[EventType "swiss"]
[EventRounds "7"]
[EventCountry "GER"]
[SourceTitle "EXT 2005"]
[Source "ChessBase"]
[SourceDate "2004.11.15"]
[SourceVersion "1"]
[SourceVersionDate "2004.11.15"]
[SourceQuality "1"]

1. e4 d6 2. d4 Nf6 3. Nc3 g6 4. Be3 Bg7 5. Qd2 e5 6. Nge2 Nc6 7. d5 Ne7 8. f4 exf4 9. Bxf4 Bg4 10. h3 Bxe2 11. Bxe2 Qd7 12. Rf1 0-0 13. Bg5 Ne8 14. Bg4 Qd8 15. h4 c6 16. 0-0-0 Qc7 17. dxc6 bxc6 18. h5 Rb8 19. h6 Bh8 20. Bf4 Qb7 21. b3 Be5 22. Bxe5 dxe5 23. Qg5 f6 24. Qe3 Nc7 25. Rd7 Rbe8 26. Qc5 Nc8 27. Rg7+ Kh8 28. Bxc8 Qxc8 29. Qxa7 Qg4 30. Qxc7 Qg5+ 31. Kb2 Qxh6 32. Rf7 Rg8 33. R1xf6 Ref8 34. Qxe5 Re8 35. Rxg6+ Rxe5 36. Rxh6 Rge8 37. Rhxh7+ Kg8 38. Rhg7+ Kh8 39. Rc7 Rf8 1-0